000 01149nam0a22002531i 4500
001 rc\3178027
005 20240723194258.0
021 _aRU
_b[75-27450а]
035 _a(NLR Aleph) 007346220
090 _a6161224
_c6161224
100 _a20120628d1975 |||y0rusy50 ca
101 0 _arus
102 _aRU
105 _ay d |||||
200 1 _aНекоторые вопросы клинико-рентгенологической характеристики, этиологии и патогенеза врожденных пороков бедра
_e(Клинико-эксперим. исследование)
_eАвтореф. дис. на соиск. учен. степени канд. мед. наук
_e(14.00.22)
_fКрым. гос. мед. ин-т
210 _aСимферополь
_d1975
215 _a20 с.
320 _aСписок работ авт.: с. 19-20 (6 назв.)
606 _aБедро
_xВывих врожденный и дисплазия
_2psbo
700 1 _aМаков
_bН.Н.
_gНиколай Николаевич
801 0 _aRU
_bNLR
_gpsbo
801 1 _aRU
_bELAR
_2rusmarc
852 _aNLR
_j76-4/13037
942 _cBOOK